Becoming / Basic Considerations for a Psychology of Personality (Record no. 338)
[ view plain ]
| 000 -LEADER | |
|---|---|
| fixed length control field | 01165cam a22001934a 4500 |
| 005 - ΗΜΕΡΟΜΗΝΙΑ ΚΑΙ ΩΡΑ ΤΕΛΕΥΤΑΙΑΣ ΕΝΗΜΕΡΩΣΗΣ | |
| Πεδίο ελέγχου | 20250605163932.0 |
| 008 - FIXED-LENGTH DATA ELEMENTS--GENERAL INFORMATION | |
| Πεδίο ελέγχου σταθερού μήκους | 250528s ||||||||||||||||||||||||d |
| 035 ## - SYSTEM CONTROL NUMBER | |
| System control number | 14717 |
| 020 ## - ISBN | |
| ISBN | 300000022 |
| 040 ## - ΠΗΓΗ ΚΑΤΑΛΟΓΟΓΡΑΦΗΣΗΣ | |
| Φορέας πρωτότυπης καταλογογράφησης | MC Athens Campus Library |
| Γλώσσα καταλογογράφησης | Ελληνικά, Μοντέρνα (1453-) |
| Modifying agency | MC Athens Campus Library |
| Κανόνες περιγραφικής καταλογογράφησης | AACR2 |
| 245 1# - ΤΙΤΛΟΣ ΚΑΙ ΔΗΛΩΣΗ ΥΠΕΥΘΥΝΟΤΗΤΑΣ | |
| Τίτλος | Becoming / Basic Considerations for a Psychology of Personality |
| 260 ## - PUBLICATION, DISTRIBUTION, ETC. | |
| Name of publisher, distributor, etc. | Yale University Press |
| 300 ## - PHYSICAL DESCRIPTION | |
| Extent | 118 |
| 520 ## - SUMMARY, ETC. | |
| Summary, etc. | A theory of psyche inclusive enough to encompass both the hopes of the 18th century and the fears of the 20th. Preface, The Case for and Against Psychology, The Lockean Tradition, The Leibnitzian Tradition, The Goal of Psychology, The Dilemma of Uniqueness, Disposition, Unsocial Beginnings, The Importance of Early Affiliation, Tribalism and Individuation, Is the Concept of Self Necessary? The Proprium, The Fusion of Propriate Functions, Critique, Chance and Opportunistic and Oriented Becoming, Motivation and Tension, Conscience, Schemata of Value, Anxiety and Culture, Freedom, Structure of Personality, The Religious Sentiment, Epilogue: Psychology and Democracy, Index. |
| 700 1# - ΠΡΟΣΘΕΤΗ ΑΝΑΓΡΑΦΗ--ΦΥΣΙΚΟ ΠΡΟΣΩΠΟ | |
| Personal name | Allport Gordon W. |
| 9 (RLIN) | 460 |
| 942 ## - ADDED ENTRY ELEMENTS (KOHA) | |
| Koha item type | Books |
| Τύπος τεκμηρίου | Βιβλιοθήκη | Τρέχουσα τοποθεσία | Barcode | Αριθμός εισαγωγής | Ημερομηνία απόκτησης | Ταξιθετικό σύμβολο | Αριθμός αντιτύπου | Κατάσταση απόσυρσης | Κατάσταση χαμένου | Κατάσταση κατεστραμμένου | Μη δανεισμός | Σύνολο δανεισμών | Ημερομηνία τελευταίας εμφάνισης | Η τιμή ισχύει από |
|---|---|---|---|---|---|---|---|---|---|---|---|---|---|---|
| Books | MC Athens Campus Library | MC Athens Campus Library | 9780000003379 | 4043 | 05/06/2025 | 158.1 ALL | 1 | 05/06/2025 | 05/06/2025 |